000
00289nam a2200097Ia 4500
008
120527s9999 xx 000 0 und d
100
_a
Jabbur,M.A.et al.
245
_a
Alley farming for improving small ruminat productivity in west
260
_b
International livestock research
942
_c
BK
999
_c
20956
_d
20956